000 00591nam a22002057a 4500
003 OSt
005 20140506094336.0
008 140506b xxu||||| |||| 00| 0 eng d
020 _a9781412920537
050 _aP 94.6
_b.H63 2011
100 _aHodkinson, Paul.
245 _aMedia, culture and society :
_ban introduction /
_cPaul Hodkinson.
260 _aCalifornia :
_bSAGE Publications,
_cc2011.
300 _axii. 320 p. :
_bill. ;
_c24 cm.
650 _aMass media.
650 _aMass media
_xSocial aspects.
650 _aPopular culture.
942 _2lcc
_cBK
999 _c115794
_d115794